• 首页
  • 本馆介绍
  • 公告通知
  • 最新文献
  • 馆藏检索
  • 电子资源
  • 读者导购
  • 参考咨询
  • 我的图书馆
  • 登录
  • 详细信息显示
  • 放入我的书架
  • 预约/预借图书
  • 作者相关作品
  • 分类相关作品
  • 丛书相关作品
  • 出版社相关作品

书目信息

  • 表格格式
  • 工作单格式
  • 卡片格式
题名:
公司的故事
    
 
作者: 张志雄 主编
分册:  
出版信息: 上海   学林出版社  1996
页数: 221页
开本: 20cm
丛书名: 财经丛书
单 册:
中图分类: F270-53
科图分类:
主题词: 企业管理--文集
电子资源:
ISBN: 7-80616-268-2
000 00690nam2 2200253 450
001 0100619653
005 20100719104106.0
010    @a7-80616-268-2@dCNY12.00
011    @a7-80616-268-2
100    @a20021005d1996 emky0chiy0110 ea
101 0  @achi
102    @aCN@b310000
105    @af z 000yy
106    @ar
200 1  @a公司的故事@9Gong Si De;Di Gu Shi @f张志雄主编@b专著
210    @a上海@c学林出版社@d1996
215    @a221页@c插图@d20cm
225 2  @a财经丛书@h第四辑
410  0 @12001 @a财经丛书
606 0  @a企业管理@x文集
690    @aF270-53@v3
701  0 @a张志雄@9zhang zhi xiong@4主编
801  0 @aCN@bAiZhiMarc@c19980123
905    @aBZT@dF270@e733@f5@sF270/733
    
    公司的故事/张志雄主编.-上海:学林出版社,1996
    221页:插图;20cm.-(财经丛书.第四辑)
    
    
    ISBN 7-80616-268-2:CNY12.00
    
●
相关链接 在五车中查询图书 在当当中查询图书 在豆瓣中查询图书


正题名:公司的故事     索取号:F270/733         预约/预借

序号 登录号 条形码 馆藏地/架位号 状态 备注
1 2000151547   2000151547   旧书回溯/ [索取号:F270/733] 在馆    
2 2000151548   2000151548   旧书回溯/ [索取号:F270/733] 在馆    
3 2000151549   2000151549   旧书回溯/ [索取号:F270/733] 在馆    
4 2000151550   2000151550   旧书回溯/ [索取号:F270/733] 在馆    
5 2000151551   2000151551   旧书回溯/ [索取号:F270/733] 在馆    
山东省滨州职业学院图书馆 欢迎您!
大连网信软件有限公司© 版权所有